000 00803nas a2200265 4500
001 BR0001436
003 BR-BrBNA
005 20231205101750.0
007 ta
008 230509b bl.|||p| |||| 00| 00por d
040 _aBR-BrBNA
_bpor
_cBiblioteca Nacional de Agricultura
041 _a(Pt)
072 _aN20; F01
100 1 _aMoreira, R.F.
100 1 _aFernandes, H.C.
100 1 _aDias, G.P.
245 1 _aDesenvolvimento e avaliacao do desempenho de um prototipo cortador/enleirador na colheita de feijao
650 _aFeijao
650 _aColheitadeira
650 _aColheita
650 _aPerda Pos-Colheita
773 0 _tEngenharia Agricola (Brazil)
_xISSN 0100-6916
_g(Mar 1999), v. 18(3) p. 22-33
_wBR0001436
909 _a202311
_bLúcia
_c55
_dLúcia Elande
942 _2AGRIS
_n0
_cANA
999 _c163749
_d163749